[Event "ay Chess!"]
[Site "http://www.queenalice.com/game.php?id=60910"]
[Date "2006.4.2"]
[Round "-"]
[White "nose"]
[Black "FISICO"]
[Result "1-0"]
[WhiteElo "1460"]
[BlackElo "1478"]

1. c4 e5 2. d4 f6 3. d5 d6 4. e4 Nd7 5. Nf3 Nc5 6. Nc3 Ne7 7. b4 Nd7 8. Qa4 c6
9. c5 dxc5 10. Ba3 cxb4 11. Bxb4 b5 12. Qc2 Bb7 13. d6 Nc8 14. Nh4 Nxd6 15. Nf5
Qc7 16. Bxd6 Bxd6 17. Nxg7+ Kd8 18. Ne6+ Kc8 19. Nxc7 Kxc7 20. g3 1-0

[Event "ay Chess!"]
[Site "http://www.queenalice.com/game.php?id=61060"]
[Date "2006.4.3"]
[Round "-"]
[White "nose"]
[Black "FernandoMelchior"]
[Result "1-0"]
[WhiteElo "1463"]
[BlackElo "1669"]

1. c3 d5 2. d4 c5 3. e3 e6 4. Bb5+ Bd7 5. Ba4 Nf6 6. Nf3 cxd4 7. exd4 Be7 8. Ng5
Bxa4 9. Qxa4+ Nfd7 10. Bf4 Bxg5 11. Be5 Nc6 12. O-O Ncxe5 13. dxe5 O-O 14. Re1
Qc7 15. Qg4 Bh6 16. Na3 Nxe5 17. Qd4 Nc6 18. Nb5 Qd7 19. Qd3 a6 20. Nd4 Nxd4 21.
Qxd4 Qd6 22. Rad1 Bf4 23. g3 1-0

[Event "ay Chess!"]
[Site "http://www.queenalice.com/game.php?id=61061"]
[Date "2006.4.3"]
[Round "-"]
[White "nose"]
[Black "chaian"]
[Result "1-0"]
[WhiteElo "1442"]
[BlackElo "1369"]

1. d4 Nc6 2. d5 Ne5 3. Nf3 f6 4. Nxe5 fxe5 5. e4 d6 6. Nc3 Nf6 7. Bb5+ c6 8.
dxc6 bxc6 9. Bxc6+ Bd7 10. Bxa8 Qxa8 11. Nd5 Nxe4 12. Nc7+ 1-0

[Event "Let's Play Chess!"]
[Site "http://www.queenalice.com/game.php?id=62281"]
[Date "2006.4.9"]
[Round "-"]
[White "nose"]
[Black "Sirius"]
[Result "1-0"]
[WhiteElo "1492"]
[BlackElo "1633"]

1. c3 e5 2. d4 e4 3. g3 d5 4. e3 g6 5. Nh3 h5 6. Nf4 Bg4 7. Qc2 Bf3 8. Bg2 g5 9.
Bxf3 exf3 10. Nxh5 Rxh5 11. e4 Qe7 12. Nd2 g4 13. e5 f6 14. Qg6+ Qf7 15. Qxf7+
1-0

[Event "ay Chess!"]
[Site "http://www.queenalice.com/game.php?id=62372"]
[Date "2006.4.10"]
[Round "-"]
[White "nose"]
[Black "jaychess"]
[Result "1-0"]
[WhiteElo "1526"]
[BlackElo "1449"]

1. c4 e5 2. d4 exd4 3. Qxd4 Nc6 4. Qd3 Nb4 5. Qf3 Nc2+ 6. Kd1 Nxa1 7. e4 Bc5 8.
Qg3 d6 9. Qxg7 Bd4 10. Qxd4 Qf6 11. Nf3 Qxd4+ 12. Nxd4 Nf6 13. Nd2 Ng4 14. Ke2
Bd7 15. h3 Ne5 16. b3 O-O-O 17. Bb2 Nxb3 18. axb3 Rhe8 19. g3 a5 20. Nb5 Bxb5
21. cxb5 1-0

[Event "ay Chess"]
[Site "http://www.queenalice.com/game.php?id=62751"]
[Date "2006.4.12"]
[Round "-"]
[White "nose"]
[Black "Nietta"]
[Result "1-0"]
[WhiteElo "1526"]
[BlackElo "1370"]

1. d4 d5 2. Nd2 Nf6 3. Ngf3 e6 4. c4 c6 5. Ne5 Bb4 6. a3 Bd6 7. c5 Bxe5 8. dxe5
Ne4 9. Nxe4 dxe4 10. Qxd8+ Kxd8 11. g3 Nd7 12. b4 Nxe5 13. Bf4 Ng4 14. Bg2 e5
15. Rd1+ Bd7 16. Bh3 f5 17. Bg5+ Nf6 18. Bxf5 Ke8 19. Bxd7+ Nxd7 20. O-O Nf6 21.
Rd6 Rd8 22. Rfd1 Ke7 23. R6d2 h6 24. Be3 Nd5 25. Rc2 Nxe3 26. Rxd8 Rxd8 27. fxe3
Kf6 28. g4 Kg5 29. h3 Kh4 30. Kg2 Rd1 31. Rb2 g6 32. b5 Ra1 33. Rb3 Ra2 34. bxc6
bxc6 35. Rb7 Rxa3 36. Rg7 Kg5 37. h4+ Kxg4 38. Rxg6+ Kxh4 39. Rxh6+ Kg5 40. Rh3
Rc3 41. Rg3+ Kf6 42. Kf2 Rxc5 43. Kg2 a5 44. Kf2 a4 45. Rg1 Rb5 46. Ra1 Rb4 47.
Ke1 Ke6 48. Kd2 Kd5 49. Ra3 c5 50. Kc3 Kc6 51. Kd2 Kb5 52. Kc2 1-0

[Event "ay Chess!"]
[Site "http://www.queenalice.com/game.php?id=62752"]
[Date "2006.4.12"]
[Round "-"]
[White "nose"]
[Black "mbubi"]
[Result "1-0"]
[WhiteElo "1539"]
[BlackElo "1810"]

1. d4 f5 2. c4 Nf6 3. g3 e6 4. Bg2 Bb4+ 5. Nd2 O-O 6. a3 Bxd2+ 7. Bxd2 d6 8. Bb4
Nc6 9. Bxc6 bxc6 10. Nf3 Bb7 11. O-O Re8 12. Ng5 Ng4 13. f4 Ne3 14. Qe1 Nxf1 15.
Qxf1 c5 16. Qh3 h6 17. dxc5 dxc5 18. Nxe6 Rxe6 19. Bxc5 Rxe2 20. Bf2 Qd2 21. Qf1
1-0

[Event "ay Chess!"]
[Site "http://www.queenalice.com/game.php?id=64111"]
[Date "2006.4.18"]
[Round "-"]
[White "laskera"]
[Black "nose"]
[Result "0-1"]
[WhiteElo "1446"]
[BlackElo "1568"]

1. e4 c6 2. d4 d5 3. e5 Bf5 4. Nc3 e6 5. a3 f6 6. h3 Ne7 7. Nf3 Qb6 8. Be2 Ng6
9. O-O Nd7 10. b4 fxe5 11. dxe5 Ndxe5 12. Be3 Qc7 13. Na4 b5 14. Nc5 Bd6 15. Nd3
Nxf3+ 16. Bxf3 Nh4 17. Bg5 Nxf3+ 18. gxf3 Bh2+ 19. Kg2 O-O 20. f4 Bxd3 21. cxd3
Bxf4 0-1

[Event "ay Chess!"]
[Site "http://www.queenalice.com/game.php?id=64112"]
[Date "2006.4.18"]
[Round "-"]
[White "nose"]
[Black "davidreb"]
[Result "0-1"]
[WhiteElo "1579"]
[BlackElo "1640"]

1. d4 d5 2. c4 e6 3. Nc3 Nf6 4. e3 Ne4 5. Nf3 Bb4 6. Qa4+ Nc6 7. a3 Nxc3 8. Qb3
Ne4+ 9. axb4 b6 10. Ne5 Nxe5 11. dxe5 Qg5 12. cxd5 Qxe5 13. Qc4 Bb7 14. Qb5+ c6
15. Qd3 Rd8 16. Rxa7 Ba8 17. Qc4 b5 18. Qa2 O-O 19. Bd3 cxd5 20. Bxb5 Nd6 21.
Ra5 Bb7 22. O-O Ra8 0-1

[Event "ay Chess!"]
[Site "http://www.queenalice.com/game.php?id=65209"]
[Date "2006.4.23"]
[Round "-"]
[White "tao"]
[Black "nose"]
[Result "1-0"]
[WhiteElo "1540"]
[BlackElo "1539"]

1. c4 c5 2. g3 d5 3. cxd5 Qxd5 4. Nf3 Bg4 5. Nc3 Qc6 6. Bg2 e5 7. O-O Nf6 8.
Nxe5 Qe6 9. Nxg4 Nxg4 10. Bxb7 Qh6 11. Qa4+ Nd7 12. Bxa8 1-0

[Event "game"]
[Site "http://www.queenalice.com/game.php?id=65220"]
[Date "2006.4.23"]
[Round "-"]
[White "jaychess"]
[Black "nose"]
[Result "1-0"]
[WhiteElo "1459"]
[BlackElo "1564"]

1. e4 d5 2. exd5 Qxd5 3. Nc3 Qa5 4. Nf3 e5 5. d4 Bg4 6. Bd3 Bb4 7. Bd2 Nc6 8. h3
exd4 9. hxg4 O-O-O 10. Bf5+ Kb8 11. Ng5 Ne5 12. Nxh7 Re8 13. Bd3 Re6 14. g3
Nxd3+ 15. Kf1 Re1+ 16. Bxe1 Nxe1 17. Qxe1 Ne7 18. Qe4 Re8 19. Qxd4 Qb5+ 20. Nxb5
Nc6 21. Qd7 Rd8 22. Qxc7+ Ka8 23. Rh5 Rc8 24. Qxf7 Bd6 25. Nxd6 Rf8 26. Qxb7#
1-0

[Event "ay Chess!"]
[Site "http://www.queenalice.com/game.php?id=65608"]
[Date "2006.4.25"]
[Round "-"]
[White "Jim"]
[Black "nose"]
[Result "0-1"]
[WhiteElo "1081"]
[BlackElo "1562"]

1. e4 d5 2. Bd3 d4 3. Nf3 Bg4 4. h3 Bxf3 5. gxf3 e5 6. f4 exf4 7. Qf3 Bd6 8. Bc4
Nc6 9. d3 Nf6 10. Nd2 Nb4 11. Kd1 a6 12. Nb3 O-O 13. Nxd4 Be5 14. c3 Bxd4 15.
cxb4 b5 16. Bb3 Be5 0-1

[Event "Challenge"]
[Site "http://www.queenalice.com/game.php?id=66040"]
[Date "2006.4.29"]
[Round "-"]
[White "nose"]
[Black "charles31"]
[Result "0-1"]
[WhiteElo "1544"]
[BlackElo "1486"]

1. d4 d5 2. c4 e6 3. c5 c6 4. Nf3 g6 5. g3 Bg7 6. Nbd2 Qa5 7. e3 b6 8. cxb6 axb6
9. a3 Nd7 10. Rb1 Ngf6 11. b4 Qa7 12. Bg2 b5 13. Ng5 h6 14. Ngf3 h5 15. Ng5 Ng4
16. O-O Bf6 17. Ndf3 Bxg5 18. Nxg5 Ndf6 19. h3 Nh6 20. Qf3 Qe7 21. e4 dxe4 22.
Nxe4 Bb7 23. Nxf6+ Kf8 24. Bg5 Nf5 25. Nh7+ Rxh7 26. Bxe7+ Kxe7 27. Rfe1 Rd8 28.
Qc3 h4 29. Bxc6 Bxc6 30. Qxc6 hxg3 0-1

[Event "Challenge"]
[Site "http://www.queenalice.com/game.php?id=70497"]
[Date "2006.5.21"]
[Round "-"]
[White "nose"]
[Black "Boeing"]
[Result "0-1"]
[WhiteElo "1513"]
[BlackElo "1924"]

1. d4 e6 2. e4 d5 3. e5 c5 4. c3 c4 5. Nf3 h6 6. a3 g5 7. g3 g4 8. Nfd2 h5 9. b3
b5 10. a4 b4 11. bxc4 dxc4 12. Nxc4 Ba6 13. cxb4 Bxb4+ 14. Bd2 Bxd2+ 15. Nbxd2
Qxd4 16. Rc1 Bxc4 17. Rxc4 Qxe5+ 18. Ne4 Nd7 19. Bd3 Rd8 0-1